000 00559cam a22002171 4500
001 sa 64001624
003 DLC
005 20260227112003.0
008 861115s1954 pk 000 0 eng
010 _asa 64001624
025 _aPL480:EP-E-124
035 _a(OCoLC)14720231
040 _aDLC
_cWaU
_dDLC
042 _apremarc
050 0 0 _aDS485.J22
_bA55
100 1 _aAli, Syed Murtaza.
245 1 4 _aThe history of Jaintia.
260 _a[Dacca]
_bA.N.M. Sulaiman, pref.
_c1954]
300 _aii, iii, 101 p.
_c18 cm.
651 0 _aJaintia (Kingdom)
999 _c56837
_d56837